000 00303nam a2200109Ia 4500
008 190914s9999||||xx |||||||||||||| ||und||
100 _aMahbub ul Haq
245 0 _aHuman Development In South Asia 2002 Agriculture and Rural Development
260 _aNew York
_bAddison
_c1997
300 _a350
942 _cBK
999 _c8971
_d8971